[Event "Thessaloniki-Chalkidiki-chT"]
[Site "Thessaloniki"]
[Date "2022.03.19"]
[Round "4"]
[White "Farmakis, Ioannis K"]
[Black "Mavridis, Achileas"]
[Result "1/2-1/2"]
[WhiteElo "1174"]
[BlackElo "1012"]
[PlyCount "91"]
[EventDate "2022.02.20"]
[EventType "team-tourn"]
[EventRounds "7"]
[EventCountry "GRE"]
[SourceTitle "EXT 2024"]
[Source "ChessBase"]
[SourceDate "2023.10.10"]
[SourceVersion "1"]
[SourceVersionDate "2023.10.10"]
[SourceQuality "1"]

1. e4 c5 2. Nf3 d6 3. c3 Nf6 4. h3 a6 5. Bd3 e5 6. Bc2 Be7 7. 0-0 0-0 8. Re1 Be6 9. d4 Nc6 10. d5 Bd7 11. dxc6 Bxc6 12. Bg5 h6 13. Be3 Nxe4 14. Bxh6 Nxf2 15. Kxf2 gxh6 16. Nxe5 Bh4+ 17. g3 Qf6+ 18. Nf3 Bxf3 19. Qxf3 Qxf3+ 20. Kxf3 Bd8 21. Be4 Re8 22. Na3 Rb8 23. Nc4 Bc7 24. Bd5 b5 25. Ne3 Re5 26. Ng4 Rxd5 27. Nf6+ Kg7 28. Nxd5 Ba5 29. b4 cxb4 30. cxb4 Bd8 31. Re8 Rc8 32. Rd1 f5 33. Nf4 Kf7 34. Re6 Rc3+ 35. Rd3 Rxd3+ 36. Re3 Rxe3+ 37. Kxe3 Bg5 38. Kd4 Bxf4 39. gxf4 Ke6 40. h4 Kf6 41. h5 Ke6 42. a3 d5 43. Kc5 d4 44. Kxd4 Kd6 45. Kc3 Kd5 46. Kd3 1/2-1/2

[Event "Thessaloniki-Chalkidiki-chT"]
[Site "Thessaloniki"]
[Date "2022.02.27"]
[Round "2"]
[White "Karagiannis, Emmanouil"]
[Black "Farmakis, Ioannis K"]
[Result "1-0"]
[WhiteElo "1339"]
[BlackElo "1174"]
[PlyCount "107"]
[EventDate "2022.02.20"]
[EventType "team-tourn"]
[EventRounds "7"]
[EventCountry "GRE"]
[SourceTitle "EXT 2024"]
[Source "ChessBase"]
[SourceDate "2023.10.10"]
[SourceVersion "1"]
[SourceVersionDate "2023.10.10"]
[SourceQuality "1"]

1. e4 c5 2. Nf3 d6 3. Bb5+ Nc6 4. d4 cxd4 5. Nxd4 Qc7 6. 0-0 e5 7. Nxc6 bxc6 8. Ba4 Nf6 9. Bg5 Be7 10. Nd2 0-0 11. Bb3 a5 12. a4 Ba6 13. Re1 Rfd8 14. Nc4 Bxc4 15. Bxc4 Nxe4 16. Bxe7 Qxe7 17. Rxe4 d5 18. Re1 dxc4 19. Qe2 Rab8 20. Qxc4 Rxb2 21. Qxc6 Qb4 22. Rad1 Rxd1 23. Rxd1 h6 24. Qe8+ Qf8 25. Qxe5 Rxc2 26. Qxa5 Qd6 27. Qa8+ Kh7 28. Qe4+ Qg6 29. Qxg6+ Kxg6 30. Ra1 Rc6 31. Kf1 Kf5 32. a5 Ra6 33. Ke2 Ke4 34. Ra4+ Ke5 35. Kd3 Kd5 36. Ke3 Kc5 37. Ke4 Re6+ 38. Kf3 Kb5 39. Ra2 Ka6 40. g4 Re5 41. Kf4 Rb5 42. h4 g6 43. f3 f6 44. Re2 Kxa5 45. Re6 Rb4+ 46. Kg3 Rb6 47. Rxb6 Kxb6 48. Kf4 Kc6 49. h5 gxh5 50. gxh5 Kd6 51. Kf5 Ke7 52. Kg6 Ke6 53. Kxh6 Kf7 54. f4 1-0

[Event "GRE-ch Online Blitz op 1st"]
[Site "Tornelo INT"]
[Date "2021.02.07"]
[Round "5"]
[White "Farmakis, Ioannis K"]
[Black "Kanellis, Nikolaos"]
[Result "1-0"]
[WhiteElo "1125"]
[BlackElo "1615"]
[PlyCount "127"]
[EventDate "2021.02.07"]
[EventType "swiss (blitz)"]
[EventRounds "16"]
[EventCountry "GRE"]
[SourceTitle "EXT 2023"]
[Source "ChessBase"]
[SourceDate "2022.10.05"]
[SourceVersion "1"]
[SourceVersionDate "2022.10.05"]
[SourceQuality "1"]

1. Nf3 c5 2. c4 Nf6 3. Nc3 d5 4. cxd5 Nxd5 5. g3 Nc6 6. Bg2 Nc7 7. 0-0 e5 8. d3 Be7 9. Re1 Bd7 10. Qc2 0-0 11. Be3 b6 12. Rad1 Rc8 13. Nd2 Ne6 14. Nb3 Ned4 15. Qb1 h5 16. Bxd4 exd4 17. Ne4 h4 18. a3 Ne5 19. Ned2 Bg5 20. Nc4 Qf6 21. Nxe5 Qxe5 22. f4 Qe3+ 23. Kh1 Bd8 24. Qc1 Re8 25. Be4 Qxc1 26. Rxc1 Bc6 27. Bxc6 Rxc6 28. Nxd4 Rh6 29. Nf5 Rf6 30. Nxh4 g5 31. fxg5 Rf2 32. Nf3 Rexe2 33. Rxe2 Rxe2 34. Re1 Rxe1+ 35. Nxe1 Bxg5 36. Nf3 Bc1 37. b4 Bxa3 38. b5 Kg7 39. Ne5 Kf6 40. Nc6 Ke6 41. Nxa7 Kd5 42. Nc8 Kd4 43. Nxb6 Kxd3 44. Nd5 c4 45. b6 Bd6 46. Nf4+ Kd2 47. Nd5 c3 48. Nxc3 Kxc3 49. Kg2 Kb4 50. Kf3 Kb5 51. h4 Kxb6 52. h5 Bf8 53. g4 Kc6 54. g5 Kd6 55. Kf4 Ke6 56. g6 f5 57. Kg5 f4 58. h6 f3 59. g7 Be7+ 60. Kg4 f2 61. g8Q+ Kd6 62. Qb8+ Ke6 63. Qb3+ Kf6 64. Qf3+ 1-0

[Event "GRE-ch Online Blitz op 1st"]
[Site "Tornelo INT"]
[Date "2021.02.07"]
[Round "16"]
[White "Farmakis, Ioannis K"]
[Black "Lianas, Ioannis"]
[Result "1-0"]
[WhiteElo "1125"]
[BlackElo "1724"]
[PlyCount "61"]
[EventDate "2021.02.07"]
[EventType "swiss (blitz)"]
[EventRounds "16"]
[EventCountry "GRE"]
[SourceTitle "EXT 2023"]
[Source "ChessBase"]
[SourceDate "2022.10.05"]
[SourceVersion "1"]
[SourceVersionDate "2022.10.05"]
[SourceQuality "1"]

1. e4 c5 2. Nf3 g6 3. d4 cxd4 4. Nxd4 Nc6 5. Bc4 Nf6 6. Nc3 Bg7 7. 0-0 0-0 8. Bg5 Qb6 9. Nb3 d6 10. Bxf6 Bxf6 11. Nd5 Qd8 12. Nxf6+ exf6 13. Re1 f5 14. Nd4 fxe4 15. Rxe4 Qb6 16. Nxc6 bxc6 17. Qxd6 Qxb2 18. Rae1 Bf5 19. R4e2 Rad8 20. Qxc6 Rc8 21. Qa4 Qc3 22. Bb3 Kg7 23. Qxa7 Rc7 24. Qa3 Bg4 25. Re3 Qc6 26. h3 Bf5 27. Qb2+ Kg8 28. Re7 Rxe7 29. Rxe7 Qc5 30. Qf6 Qb4 31. Bxf7+ 1-0

[Event "GRE-ch Online Blitz op 1st"]
[Site "Tornelo INT"]
[Date "2021.02.07"]
[Round "14"]
[White "Farmakis, Ioannis K"]
[Black "Pelekis, Georgios"]
[Result "1-0"]
[WhiteElo "1125"]
[BlackElo "1650"]
[PlyCount "51"]
[EventDate "2021.02.07"]
[EventType "swiss (blitz)"]
[EventRounds "16"]
[EventCountry "GRE"]
[SourceTitle "EXT 2023"]
[Source "ChessBase"]
[SourceDate "2022.10.05"]
[SourceVersion "1"]
[SourceVersionDate "2022.10.05"]
[SourceQuality "1"]

1. e4 d6 2. d4 Nf6 3. f3 g6 4. Bg5 Bg7 5. c4 c5 6. Nc3 Nc6 7. d5 Nd4 8. Nge2 Nxe2 9. Bxe2 h6 10. Be3 0-0 11. g4 e6 12. Qd2 Kh7 13. h4 exd5 14. g5 d4 15. Bf4 dxc3 16. bxc3 Nh5 17. gxh6 Nxf4 18. hxg7 Ng2+ 19. Kf2 Kxg7 20. Kxg2 Rh8 21. h5 Qf6 22. hxg6 Qxg6+ 23. Kf2 Be6 24. Qxd6 Rad8 25. Qe5+ Qf6 26. Rag1+ 1-0

[Event "GRE-ch Online Blitz op 1st"]
[Site "Tornelo INT"]
[Date "2021.02.07"]
[Round "6"]
[White "Stamatiou, Rodolfos"]
[Black "Farmakis, Ioannis K"]
[Result "0-1"]
[WhiteElo "1853"]
[BlackElo "1125"]
[PlyCount "120"]
[EventDate "2021.02.07"]
[EventType "swiss (blitz)"]
[EventRounds "16"]
[EventCountry "GRE"]
[SourceTitle "EXT 2023"]
[Source "ChessBase"]
[SourceDate "2022.10.05"]
[SourceVersion "1"]
[SourceVersionDate "2022.10.05"]
[SourceQuality "1"]

1. e4 c5 2. Nf3 d6 3. d4 cxd4 4. Qxd4 Nf6 5. c4 Nc6 6. Qe3 e6 7. Nc3 Be7 8. Be2 Qb6 9. Qxb6 axb6 10. Be3 Nb4 11. Kd2 Nd7 12. a3 Nc6 13. b4 0-0 14. Kc2 Rd8 15. Rhd1 h6 16. Nb5 Bf6 17. Rac1 Nde5 18. Bxb6 Rd7 19. Nxe5 Bxe5 20. g3 g5 21. Kb3 f5 22. exf5 exf5 23. Bf3 Ra6 24. Bd5+ Kg7 25. Be3 Rd8 26. f4 Bf6 27. Nd4 Bd7 28. Ne6+ Bxe6 29. Bxe6 Rda8 30. fxg5 hxg5 31. Bg1 Rxa3+ 32. Kc2 Nxb4+ 33. Kd2 Ra2+ 34. Ke1 Re8 35. Rxd6 Rxe6+ 36. Rxe6 Nd3+ 37. Kd1 Nxc1 38. Kxc1 Ra1+ 39. Kc2 Rxg1 40. Rb6 Rg2+ 41. Kd3 Rxh2 42. Rxb7+ Kg6 43. c5 Rg2 44. c6 Rxg3+ 45. Kc4 Rc3+ 46. Kd5 g4 47. c7 g3 48. Kd6 Rxc7 49. Rxc7 g2 50. Rc1 Bd4 51. Kd5 g1Q 52. Rc8 Qg2+ 53. Kxd4 Qd2+ 54. Ke5 Qe3+ 55. Kd6 Qf4+ 56. Ke6 Qe4+ 57. Kd6 Kf7 58. Rc7+ Kf6 59. Rc8 Qe6+ 60. Kc7 Qxc8+ 0-1

[Event "GRE-ch Online Rapid op 1st"]
[Site "Tornelo INT"]
[Date "2021.02.06"]
[Round "6"]
[White "Antoniou Tragoudas, Ioannis"]
[Black "Farmakis, Ioannis K"]
[Result "1/2-1/2"]
[WhiteElo "1371"]
[BlackElo "1116"]
[PlyCount "64"]
[EventDate "2021.02.06"]
[EventType "swiss (rapid)"]
[EventRounds "8"]
[EventCountry "GRE"]
[SourceTitle "EXT 2023"]
[Source "ChessBase"]
[SourceDate "2022.10.05"]
[SourceVersion "1"]
[SourceVersionDate "2022.10.05"]
[SourceQuality "1"]

1. e4 c5 2. Nc3 d6 3. Nf3 g6 4. d4 cxd4 5. Nxd4 Bg7 6. Be3 Nc6 7. Nxc6 bxc6 8. Bc4 Nf6 9. h3 0-0 10. 0-0 Bb7 11. a3 Nxe4 12. Bxf7+ Rxf7 13. Nxe4 Ba6 14. Re1 Bxb2 15. Rb1 Bxa3 16. Ra1 Bb4 17. Rxa6 Bxe1 18. Qxe1 d5 19. Nc5 d4 20. Bh6 Qd6 21. Nd3 Qd5 22. Qe5 Qc4 23. Rxa7 Re8 24. Rb7 Qxc2 25. Qxd4 Qd1+ 26. Kh2 e5 27. Qa7 Qb3 28. Rxf7 Qxf7 29. Qc5 Qd5 30. Qa7 Qf7 31. Qc5 Qd5 32. Qa7 Qf7 1/2-1/2

[Event "GRE-ch Online Rapid op 1st"]
[Site "Tornelo INT"]
[Date "2021.02.06"]
[Round "5"]
[White "Farmakis, Ioannis K"]
[Black "Alexiou, Andromahi"]
[Result "0-1"]
[WhiteElo "1116"]
[BlackElo "1763"]
[PlyCount "70"]
[EventDate "2021.02.06"]
[EventType "swiss (rapid)"]
[EventRounds "8"]
[EventCountry "GRE"]
[SourceTitle "EXT 2023"]
[Source "ChessBase"]
[SourceDate "2022.10.05"]
[SourceVersion "1"]
[SourceVersionDate "2022.10.05"]
[SourceQuality "1"]

1. Nf3 d5 2. d4 Nf6 3. g3 Nc6 4. Bg2 Bf5 5. a3 e6 6. Bg5 Be7 7. 0-0 0-0 8. Re1 h6 9. Bf4 Nh5 10. e3 Nxf4 11. exf4 Bg4 12. Qd3 Bf5 13. Qd2 Bd6 14. Ne5 Ne7 15. g4 Bh7 16. c4 dxc4 17. Bxb7 Rb8 18. Bg2 Rb3 19. Nc3 Bxe5 20. fxe5 c5 21. d5 exd5 22. Bxd5 Nxd5 23. Qxd5 Qxd5 24. Nxd5 Rxb2 25. Rac1 Bd3 26. Nf4 Rc8 27. Red1 Rb3 28. Nd5 Kf8 29. Ra1 g5 30. a4 Rd8 31. Ne3 c3 32. Nc2 Ke7 33. Rac1 Rb2 34. Ne3 c2 35. Rd2 Rb1 0-1

[Event "GRE-ch Online Rapid op 1st"]
[Site "Tornelo INT"]
[Date "2021.02.06"]
[Round "1"]
[White "Farmakis, Ioannis K"]
[Black "Laggousis, Andreas"]
[Result "1/2-1/2"]
[WhiteElo "1116"]
[BlackElo "1906"]
[PlyCount "77"]
[EventDate "2021.02.06"]
[EventType "swiss (rapid)"]
[EventRounds "8"]
[EventCountry "GRE"]
[SourceTitle "EXT 2023"]
[Source "ChessBase"]
[SourceDate "2022.10.05"]
[SourceVersion "1"]
[SourceVersionDate "2022.10.05"]
[SourceQuality "1"]

1. e4 c6 2. d4 d5 3. exd5 cxd5 4. Nf3 Nf6 5. h3 Nc6 6. Bd3 g6 7. c3 Bg7 8. Bg5 0-0 9. 0-0 a6 10. Re1 e6 11. Ne5 Qb6 12. Qb3 Qc7 13. Bf4 Nxe5 14. Bxe5 Qc6 15. Nd2 b5 16. a4 Bd7 17. axb5 axb5 18. Kh2 Rfc8 19. Nf3 Be8 20. Qc2 b4 21. Rxa8 Qxa8 22. c4 dxc4 23. Bxc4 Bc6 24. Be2 Bxf3 25. Bxf3 Rxc2 26. Bxa8 Rxb2 27. Rc1 h6 28. d5 Nxd5 29. Bxb2 Bxb2 30. Rc8+ Kg7 31. Bxd5 exd5 32. Kg1 d4 33. Kf1 Bc3 34. Ke2 b3 35. Rb8 b2 36. Kd3 Kf6 37. Rb6+ Kg5 38. g3 f5 39. f3 1/2-1/2

[Event "GRE-ch Online Rapid op 1st"]
[Site "Tornelo INT"]
[Date "2021.02.06"]
[Round "2"]
[White "Shahaj, Arjan"]
[Black "Farmakis, Ioannis K"]
[Result "1-0"]
[WhiteElo "1592"]
[BlackElo "1116"]
[PlyCount "47"]
[EventDate "2021.02.06"]
[EventType "swiss (rapid)"]
[EventRounds "8"]
[EventCountry "GRE"]
[SourceTitle "EXT 2023"]
[Source "ChessBase"]
[SourceDate "2022.10.05"]
[SourceVersion "1"]
[SourceVersionDate "2022.10.05"]
[SourceQuality "1"]

1. e4 c5 2. Nf3 d6 3. d4 cxd4 4. Nxd4 Nf6 5. Nc3 a6 6. Be2 e5 7. Nb3 Be7 8. Bg5 Be6 9. 0-0 0-0 10. Kh1 Nc6 11. f4 h6 12. Bxf6 Bxf6 13. f5 Bxb3 14. axb3 Nd4 15. Nd5 Rc8 16. Bd3 Bg5 17. c3 Nc6 18. f6 gxf6 19. Qg4 Kh7 20. h4 Bd2 21. Rad1 Bf4 22. g3 Rg8 23. Qf5+ Kh8 24. gxf4 1-0